Les Musiques de Youtubeurs - Mort subite - Statistiques

Statistiques générales
  • Ce quiz a été pris 129 fois
  • Le résultat moyen est 11 sur 15
Answers on the Grid
Answers color-coded by a green-red scale on the quiz's grid according to % correct below.
Amine
Amixem
Billy
Cyprien
Djilsi
GOTAGA
Inoxtag
Joyca
Juju Fitcats
Lebouseuh
Lena Situations
Maghla
Mastu
Mcfly & Carlito
Michou
Mister V
Natoo
Squeezie
Theodort
Tibo Inshape
 
Statistiques - réponses
Réponse % Correct
Michou
89%
Squeezie
89%
Mcfly & Carlito
87%
Theodort
87%
Mister V
84%
Inoxtag
82%
Joyca
82%
Tibo Inshape
82%
Mastu
81%
Cyprien
80%
Juju Fitcats
80%
Amixem
76%
Natoo
72%
Lebouseuh
53%
Amine
22%
Aucun quiz correspondant
Distribution des résultats
% des personnes avec chaque résultat
Percentile par nombre de réponses
Votre historique - résultats
Vous n’avez pas pris ce quiz